Todos os campeões da Copa do Mundo - Statistics

Estatísticas Gerais
  • Esse quiz foi jogado 87 vezes
    51 desde o último reset
  • A pontuação média é 20 de 22
Estatísticas das Respostas
Ano Vencedor % Correto
2022 Argentina
98%
1986 Argentina
98%
1978 Argentina
98%
2002 Brasil
98%
1994 Brasil
98%
1970 Brasil
98%
1962 Brasil
98%
1958 Brasil
98%
2018 França
95%
1998 França
95%
2006 Itália
93%
1982 Itália
93%
1938 Itália
93%
1934 Itália
93%
2014 Alemanha
90%
1990 Alemanha Ocidental
90%
1974 Alemanha Ocidental
90%
1954 Alemanha Ocidental
90%
2010 Espanha
88%
1950 Uruguai
88%
1930 Uruguai
88%
1966 Inglaterra
80%
Nenhum quiz correspondente encontrado
Distribuição das Pontuações
Porcentagem de Pessoas com Cada Pontuação
Percentil de Números Respondidos
Sua Pontuação Histórica
Você não jogou esse quiz desde o último reset